<?xml version="1.0" encoding="UTF-8"?>
<record
    xmlns:xsi="http://www.w3.org/2001/XMLSchema-instance"
    xsi:schemaLocation="http://www.loc.gov/MARC21/slim http://www.loc.gov/standards/marcxml/schema/MARC21slim.xsd"
    xmlns="http://www.loc.gov/MARC21/slim">

  <leader>00647nam a2200193   4500</leader>
  <controlfield tag="003">LK-CoMWRAF</controlfield>
  <controlfield tag="005">20231214121729.0</controlfield>
  <controlfield tag="008">231214b        |||||||| |||| 00| 0 eng d</controlfield>
  <datafield tag="020" ind1=" " ind2=" ">
    <subfield code="a">9558140007</subfield>
  </datafield>
  <datafield tag="040" ind1=" " ind2=" ">
    <subfield code="a">LK-CoMWRAF</subfield>
    <subfield code="d">LK-CoMWRAF</subfield>
    <subfield code="e">LK-CoMWRAF</subfield>
  </datafield>
  <datafield tag="041" ind1=" " ind2=" ">
    <subfield code="a">sin</subfield>
  </datafield>
  <datafield tag="082" ind1=" " ind2=" ">
    <subfield code="a">323</subfield>
    <subfield code="b">JAY</subfield>
  </datafield>
  <datafield tag="100" ind1=" " ind2=" ">
    <subfield code="a">&#xDA2;&#xDBA;&#xDC0;&#xDD3;&#xDBB;, &#xDC3;&#xDCA;&#xDC0;&#xDBB;&#xDCA; &#xDAB;&#xDCF;</subfield>
  </datafield>
  <datafield tag="245" ind1=" " ind2=" ">
    <subfield code="a">&#xD9A;&#xDCF;&#xDB1;&#xDCA;&#xDAD;&#xDCF;&#xDC0; &#xDC3;&#xDC4; &#xDB8;&#xDCF;&#xDB1;&#xDC0; &#xDC4;&#xDD2;&#xDB8;&#xDD2;&#xD9A;&#xDB8;&#xDCA;</subfield>
  </datafield>
  <datafield tag="246" ind1=" " ind2=" ">
    <subfield code="a">kanthawa saha manawa himikam</subfield>
  </datafield>
  <datafield tag="260" ind1=" " ind2=" ">
    <subfield code="a">&#xD9A;&#xDDC;&#xDC5;&#xDB9; :</subfield>
    <subfield code="b">&#xDC1;&#xDCA;&#x200D;&#xDBB;&#xDD3; &#xDBD;&#xD82;&#xD9A;&#xDCF; &#xD9A;&#xDCF;&#xDB1;&#xDCA;&#xDAD;&#xDCF; &#xD9A;&#xDCF;&#xDBB;&#xDCA; &#xDBA;&#xDCF;&#xD82;&#xDC1;&#xDBA;</subfield>
    <subfield code="c">1998</subfield>
  </datafield>
  <datafield tag="650" ind1=" " ind2=" ">
    <subfield code="a">&#xDB8;&#xDCF;&#xDB1;&#xDC0; &#xDC4;&#xDD2;&#xDB8;&#xDD2;&#xD9A;&#xDB8;&#xDCA;</subfield>
  </datafield>
  <datafield tag="942" ind1=" " ind2=" ">
    <subfield code="c">BK</subfield>
  </datafield>
  <datafield tag="952" ind1=" " ind2=" ">
    <subfield code="0">0</subfield>
    <subfield code="1">0</subfield>
    <subfield code="4">0</subfield>
    <subfield code="7">0</subfield>
    <subfield code="a">MAIN</subfield>
    <subfield code="b">MAIN</subfield>
    <subfield code="d">2023-12-14</subfield>
    <subfield code="l">0</subfield>
    <subfield code="o">323 JAY</subfield>
    <subfield code="p">RAF4829</subfield>
    <subfield code="r">2023-12-14</subfield>
    <subfield code="w">2023-12-14</subfield>
    <subfield code="y">BK</subfield>
  </datafield>
  <datafield tag="999" ind1=" " ind2=" ">
    <subfield code="c">4447</subfield>
    <subfield code="d">4447</subfield>
  </datafield>
</record>
